[Event "Lugano op"]
[Site "Lugano"]
[Date "1989.03.08"]
[Round "6"]
[White "Bottema, Tom"]
[Black "Trauth, Michael"]
[Result "1-0"]
[WhiteElo "2240"]
[BlackElo "2275"]
[PlyCount "107"]
[EventDate "1989.03.03"]
[EventType "swiss"]
[EventRounds "9"]
[EventCountry "SUI"]
[SourceTitle "TD"]
[Source "ChessBase"]
[SourceDate "1994.03.01"]
[SourceVersion "1"]
[SourceVersionDate "1994.03.01"]
[SourceQuality "1"]

1. e4 c5 2. Nf3 Nc6 3. d4 cxd4 4. Nxd4 g6 5. c4 Nf6 6. Nc3 d6 7. Be2 Nxd4 8. Qxd4 Bg7 9. Be3 Be6 10. f3 a6 11. Qd2 Rc8 12. Nd5 Nd7 13. Rc1 0-0 14. 0-0 a5 15. b3 Nc5 16. Bd3 Kh8 17. Bb1 Bxd5 18. exd5 Qb6 19. Kh1 Qa6 20. Bg5 Rfe8 21. Rfe1 e5 22. dxe6 Nxe6 23. Be3 Rcd8 24. Be4 Re7 25. Bd5 Rde8 26. Bf2 Bf6 27. Re4 Kg7 28. Rce1 b5 29. Bg3 Nc7 30. cxb5 Qxb5 31. Bc4 Qb4 32. Qxb4 axb4 33. Bxd6 Rxe4 34. Rxe4 Rd8 35. Bxb4 Nd5 36. Bxd5 Rxd5 37. g3 g5 38. Kg2 Kg6 39. Be1 h5 40. a4 Rd3 41. b4 Ra3 42. b5 Ra2+ 43. Kf1 Bd8 44. a5 Bxa5 45. Bxa5 Rxa5 46. Rb4 Ra7 47. b6 Rb7 48. Ke2 f5 49. Kd3 g4 50. f4 h4 51. Kc4 Kh5 52. Kc5 hxg3 53. hxg3 Rxb6 54. Kxb6 1-0